| 000 | 00650nam a22001817a 4500 | ||
|---|---|---|---|
| 999 |
_c176297 _d176297 |
||
| 005 | 20201210153836.0 | ||
| 010 | _aENG-128656 | ||
| 020 |
_c795.00 _a81-8324-4944-2 |
||
| 035 | _aEN-112188 | ||
| 037 | _bDBAD/PUB | ||
| 082 | _a954.0099 | ||
| 245 |
_aNehru to Modi: profiles of Indian prime ministers _bEdited by Pradeep Kumar Sexena |
||
| 260 |
_aNew Delhi _bMittal Publications _c2019 |
||
| 270 |
_bNew Delhi _a4594/9, Daryaganj _e110002 _k23250398 _l91-11-25351493 _minfo@mittalbooks.com |
||
| 300 |
_axvi+414p. _c22cm(pbk) _bIncluding tables and index. |
||
| 700 | _aSexena, Pradeep, Kumar, Ed. | ||
| 942 |
_2ddc _cEN _h954.0099 _mSEX |
||